Iniciatíva pásu a cesty v strednej Ázii bakalárska práca

Salvato in:
Dettagli Bibliografici
Autore principale: Habiňáková, Vladimíra
Ente Autore: Fakulta medzinárodných vzťahov EU. Katedra medzinárodných ekonomických vzťahov a hospodárskej diplomacie
Altri autori: Ondriaš, Juraj, 1988-
Natura: Libro
Lingua:slovacco
Pubblicazione: Bratislava 2025
Tags: Aggiungi Tag
Nessun Tag, puoi essere il primo ad aggiungerne!!

MARC

LEADER 00000nbm a2200000 4500
001 0309662
005 20260114125128.0
041 0 |a slo 
044 |a SK 
245 1 0 |a Iniciatíva pásu a cesty v strednej Ázii  |b bakalárska práca  |c Vladimíra Habiňáková ; školiteľ: Juraj Ondriaš 
264 1 |a Bratislava  |c 2025 
300 |a 64 s. 
100 1 |a Habiňáková, Vladimíra 
700 1 |a Ondriaš, Juraj, 1988- 
710 2 |a Fakulta medzinárodných vzťahov EU. Katedra medzinárodných ekonomických vzťahov a hospodárskej diplomacie